| 000 | 00962nam a2200181Ia 4500 | ||
|---|---|---|---|
| 008 | 0000001991 pr a 0000000000spa00 | ||
| 090 | _aPPR00 O77c | ||
| 100 | 1 |
_aOrtiz Sueños, Carlos _d1952 |
|
| 245 | 1 | 0 |
_aCarlos Ortiz Sueños _b: sueños danzantes, pintugrafias recientes sobre lienzo = mixed media paintings on canvas _c/ fotografías Nestor Madalengoitía ; traducción Laureano Corces, Carlos Sueños |
| 300 |
_a[10] p. _c/ 28 cm. |
||
| 500 | _aCon el patronazgo del maestro venezolano Jesús Rafael Soto (q.e.p.d.) \Registro auspiciado por el IDCT. Bogotá | ||
| 600 | 0 | 0 |
_aORTIZ SUEñOS, CARLOS, 1952/ _xTRABAJOS PICTORICOS |
| 650 | 1 | 4 | _xCATALOGOS / PINTORES PUERTORRIQUEÑOS / ARTE CONTEMPORANEO PUERTORRIQUEÑO |
| 650 | 1 | 4 | _xEXPOSICIONES |
| 650 | 1 | 4 | _aPINTURA PUERTORRIQUEÑA |
| 700 | 1 | _aMadalengoitía, Néstor \ Corces, Laureano, tr. | |
| 999 |
_c3025 _d3025 |
||
| 260 |
_aHato Rey (Puerto Rico) : Rojo y Negro Galería y Taller de Arte Moderno _c1991 |
||